| 000 | 00499nam a2200181Ia 4500 | ||
|---|---|---|---|
| 005 | 20250326124327.0 | ||
| 008 | 250326s9999 xx 000 0 und d | ||
| 037 | _aTextbook | ||
| 040 |
_aFMSL _beng _cFMSL |
||
| 041 |
_aeng _2eng |
||
| 084 |
_aX:57 K7 _qFMSL |
||
| 100 | _aOzga S A | ||
| 245 | 0 |
_aRate of exchange and the terms of trade _cOzga S A |
|
| 260 |
_aLondon _bLondon, Weidenfeld And Nicolson _c1967 |
||
| 300 | _a109p | ||
| 942 |
_cTB _hX:57 K7 |
||
| 999 |
_c1273282 _d1273282 |
||